000 00603nam a22001817a 4500
005 20241106110639.0
008 241106b |||||||| |||| 00| 0 eng d
020 _a9781844803545
050 _aQA76.758
_b.H34
100 _aHall, Patrick A. V.
245 _aManaging the software enterprise/
_bsoftware engineering and information systems in context
_cPatrick A. V. Hall & Juan Fernandez-Ramil
260 _aAustralia
_bThomson Learning
_c2007
300 _axi.441pages
_bill.
_c24.5cm
500 _aIncludes index
650 _2software enterprise
700 _aFernandez-Ramil Juan
942 _2lcc
_cBK
_n0
999 _c680
_d680